| 000 | 01187naa a22003257a 4500 | ||
|---|---|---|---|
| 001 | BR9400173 | ||
| 003 | BR-BrBNA | ||
| 005 | 20240918181050.0 | ||
| 007 | ta | ||
| 008 | 230509b bl.||||| |||| 00| 0 por d | ||
| 040 |
_aBR-BrBNA _bpor _cBiblioteca Nacional de Agricultura |
||
| 041 | _a(Pt) | ||
| 072 |
_aJ10 _b0180 _b4545 |
||
| 090 | _aJ10 BR9400173 | ||
| 100 | 1 | _aPereira, J.O. | |
| 100 | 1 | _aCarvaho, S.V. de | |
| 100 | 1 | _aSilva, L.C. da | |
| 100 | 1 | _aOliveira, E.F. de | |
| 100 | 1 | _aKahil, M.A. | |
| 111 | 1 |
_a22. Congresso Brasileiro de Engenharia Agricola _cIlheus, BA (Brazil) _d19-23 Jul 1993 |
|
| 245 | 1 | _aAvaliacao de perdas e danos de graos de trigo (Triticum aestivum L.), na colheita mecanica | |
| 260 | 3 |
_aIlheus, BA (Brasil): _c1993. |
|
| 500 | _a22. Congresso Brasileiro de Engenharia Agricola. Anais Ilheus, BA (Brasil): 1993. v. 3 p. 1676-1684 (BR9400173-AM)J10 | ||
| 650 | _aTrigo | ||
| 650 | _aColheita Mecanica | ||
| 650 | _aPerda Durante a Colheita | ||
| 773 | 0 |
_t22. Congresso Brasileiro de Engenharia Agricola. Anais _wJ10 BR9400173 _gIlheus, BA (Brasil), 1993. v. 3 p. 1676-1684 |
|
| 909 |
_a202404 _bLucia _c55 _dLucia Elande |
||
| 942 |
_cAM _2AGRIS |
||
| 999 |
_c323460 _d323460 |
||